Breviario mercantil

Detalles Bibliográficos
Autor principal: Faus, Manuel
Formato: Desconocido
Lenguaje:español
Publicado: [Barcelona] : vLex, [19--?]
Materias:
Acceso en línea:Acceso restringido

MARC

LEADER 00000ny a22000003n 4500
005 20110926111149.0
008 080925s20119999sp r s 000 a0spa c
035 |a 5931 
040 |a vLex 
080 |a 347.7(460)(051) 
090 |c 2572  |d 2572 
100 1 |a Faus, Manuel 
245 1 0 |a Breviario mercantil  |h [Recurso electrn̤ico]  |c Manuel Faus 
256 |a Servicio en ln̕ea 
260 |a [Barcelona] :  |b vLex,  |c [19--?] 
300 |a 1 recurso electrn̤ico 
505 |a V.1. Las sociedades de capital. Introduccin̤ a la obra 
506 1 |a Contenido solo disponible en los productos indicados  |d vLex Global  |d vLex Global (Academic Edition, excluding Law Schools)  |d vLex Global (U.S. Academic Edition, Law Schools)  |d vLex Global (U.S. Academic Edition, excluding Law Schools)  |d vLex Global (Academic Edition, Law Schools) 
650 0 4 |a Derecho mercantil  |z Espaą 
740 0 |a vLex Libros (Servicios en ln̕ea) 
856 4 0 |z Acceso restringido  |u http://vlex.com/source/breviario-mercantil-sociedades-capital-introduccion-obra-5931 
942 |c BOOK